Los suelos : su origen, constitución y clasificación : introducción a la edafología /

Guardado en:
Autor Principal: Robinson, Gilbert Wooding.
Formato: Libro
Idioma:Spanish
Publicado: Barcelona : Omega, 1960.
Etiquetas: Agregar Etiqueta
Sin Etiquetas, Sea el primero en etiquetar este registro!
LEADER 00624nam a22001455a 4500
001 EEA.libagro001521
008 130809s1960####sp#a##########000#0#spa#d
005 20220505124236.0
245 1 4 |a Los suelos :  |b su origen, constitución y clasificación : introducción a la edafología /  |c Gilbert Wooding Robinson ; traducción de la tercera edición inglesa por José Luis Amorós. 
260 |a Barcelona :  |b Omega,  |c 1960. 
300 |a 515 p. :  |b il. ;  |c 21 cm. 
100 1 |a Robinson, Gilbert Wooding. 
082 0 4 |a 631.4 
859 |a AR-BbBCA  |b BIB. AGRONOMIA  |h 631.4  |i R562  |p 1966/0106 
859 |a AR-BbBCA  |b BIB. AGRONOMIA  |h 631.4  |i R562  |p 1965/0326  |t Ej.2